Les pays avec le moins d'inégalités de revenus - Statistiques

Statistiques générales
  • Ce quiz a été pris 94 fois
  • Le résultat moyen est 9 sur 20
Statistiques - réponses
Pays Continent Indice de Gini % Correct
Suède Europe 28,9%
98%
Finlande Europe 27,1%
93%
Norvège Europe 27,7%
87%
Danemark Europe 27,5%
79%
Islande Europe 26,1%
74%
Pologne Europe 28,8%
62%
Pays Bas Europe 26,0%
60%
Belgique Europe 26,0%
52%
Ukraine Europe 25,6%
43%
Slovaquie Europe 23,2%
39%
Slovénie Europe 24,0%
38%
République Tchèque Europe 26,2%
37%
Moldavie Europe 25,7%
32%
Biélorussie Europe 24,4%
29%
Algérie Afrique 27,6%
22%
Arménie Asie 27,9%
12%
Émirats Arabes Unis Asie 26,0%
12%
Kazakhstan Asie 27,8%
11%
Kiribati Océanie 27,8%
11%
Timor Oriental Asie 28,7%
4%
Aucun quiz correspondant
Distribution des résultats
% des personnes avec chaque résultat
Percentile par nombre de réponses
Votre historique - résultats
Vous n’avez pas pris ce quiz